<?xml version="1.0" encoding="UTF-8"?>
<record
    xmlns:xsi="http://www.w3.org/2001/XMLSchema-instance"
    xsi:schemaLocation="http://www.loc.gov/MARC21/slim http://www.loc.gov/standards/marcxml/schema/MARC21slim.xsd"
    xmlns="http://www.loc.gov/MARC21/slim">

  <leader>00479nam a2200169Ia 4500</leader>
  <controlfield tag="008">230718s9999    xx            000 0 und d</controlfield>
  <datafield tag="020" ind1=" " ind2=" ">
    <subfield code="a">9788121924986</subfield>
  </datafield>
  <datafield tag="041" ind1=" " ind2=" ">
    <subfield code="a">eng</subfield>
  </datafield>
  <datafield tag="082" ind1=" " ind2=" ">
    <subfield code="a">372.4</subfield>
    <subfield code="b">AGG</subfield>
  </datafield>
  <datafield tag="100" ind1=" " ind2=" ">
    <subfield code="a">Aggarwal R.S.</subfield>
  </datafield>
  <datafield tag="245" ind1=" " ind2=" ">
    <subfield code="a">Quantitative Aptitude</subfield>
    <subfield code="b">For Competitive Examination (Fully Solved)</subfield>
  </datafield>
  <datafield tag="260" ind1=" " ind2=" ">
    <subfield code="c">2014</subfield>
    <subfield code="b">S. Chand</subfield>
  </datafield>
  <datafield tag="300" ind1=" " ind2=" ">
    <subfield code="a">726</subfield>
  </datafield>
  <datafield tag="365" ind1=" " ind2=" ">
    <subfield code="c">Rs.</subfield>
    <subfield code="b">635.00</subfield>
  </datafield>
  <datafield tag="700" ind1=" " ind2=" ">
    <subfield code="a">Aggarwal R.S.</subfield>
  </datafield>
  <datafield tag="906" ind1=" " ind2=" ">
    <subfield code="d">O:0368710-Jan-2017B:SE/SI/363131-Dec-2016</subfield>
    <subfield code="c">GENRL</subfield>
    <subfield code="b">3556</subfield>
  </datafield>
  <datafield tag="999" ind1=" " ind2=" ">
    <subfield code="c">343946</subfield>
    <subfield code="d">343946</subfield>
  </datafield>
  <datafield tag="952" ind1=" " ind2=" ">
    <subfield code="0">0</subfield>
    <subfield code="1">0</subfield>
    <subfield code="4">0</subfield>
    <subfield code="7">0</subfield>
    <subfield code="a">CCEP</subfield>
    <subfield code="b">CCEP</subfield>
    <subfield code="d">2017-01-10</subfield>
    <subfield code="e">Suyog Enterprises</subfield>
    <subfield code="f">GENRL</subfield>
    <subfield code="g">457.20</subfield>
    <subfield code="i">SE/SI/3631</subfield>
    <subfield code="l">3</subfield>
    <subfield code="o">372.4</subfield>
    <subfield code="p">CCEP-BK-55153</subfield>
    <subfield code="r">2025-12-22 16:55:12</subfield>
    <subfield code="s">2025-12-09</subfield>
    <subfield code="t">3556</subfield>
    <subfield code="v">635.00</subfield>
    <subfield code="w">2016-12-31</subfield>
    <subfield code="y">BK</subfield>
    <subfield code="z">055153</subfield>
  </datafield>
</record>
